000 00241nam a2200121Ia 4500
100 _a#N/A
650 _aEnglish
942 _cBK
654 _abusiness
245 _aContemporary business communication
260 _b#N/A
546 _aENGLISH
999 _c25652
_d25652